LEADER 01246nam0 2200337 450 001 000007304 005 20061025105926.0 010 $a88-348-5521-3$bv. 1 010 $a88-348-5522-1$bv. 2 010 $a88-348-5523-X$bv. 3 010 $a88-348-5524-8$bv. 4 100 $a20061011d2005----km-y0itay50------ba 101 0 $aita 102 $aIT 105 $ay-------001yy 200 1 $aDiritto processuale civile$fCrisanto Mandrioli 205 $a17. ed. 210 $aTorino$cGiappichelli$d2005 215 $a4 v.$d24 cm 327 1 $a1.: Nozioni introduttive e disposizioni generali$a2.: Il processo di cognizione$a3.: I procedimenti speciali di cognizione e i giudizi arbitrali$a4.:_L'esecuzione forzata, i procedimenti speciali non cognitori : procedimenti cautelari, giurisdizione volontaria 610 1 $aDiritto processuale civile 676 $a347.05$v20 700 1$aMandrioli,$bCrisanto$0227204 801 0$aIT$bUNIPARTHENOPE$c20061011$gRICA$2UNIMARC 912 $a000007304 951 $aE-0035(I)$b38795$cNAVA3$d2006 951 $aE-0035(II)$b38796$cNAVA3$d2006 951 $aE-0035(III)$b38797$cNAVA3$d2006 951 $aE-0035(IV)$b38798$cNAVA3$d2006 996 $aDiritto processuale civile$912669 997 $aUNIPARTHENOPE